000 00696nam a2200289Ia 4500
005 20260324113214.0
008 008 260324s9999 xx 000 0 eng d
020 _a9781003349983
037 _aEBOOK
040 _aCRL
040 _beng
040 _cCRL
041 _2eng
041 _aeng
084 _qCRL
100 _aMark William Westmoreland
_91145839
245 4 _aThe Philosophy of Charles W. Mills
245 0 _bRace and the Relations of Power
260 _bTaylor and Francis
260 _c2024
365 _a
365 _b220
856 _uhttp://www.taylorfrancis.com/books/9781003349983
942 _cEBOOK
999 _c1735368
_d1735368